Statistiques concernant Pays ayant le plus de touristes

Cliquez ici pour prendre le quiz!

Statistiques générales

  • Ce quiz a été pris 49 460 fois
    (10 442 depuis la dernière actualisation)
  • Le résultat moyen est 18 sur 24

Statistiques - réponses

# ArrivéesPays% Correct
89,4 MFrance
100%
79,6 MEtats-Unis
99%
62,9 MChine
98%
82,8 MEspagne
98%
62,1 MItalie
96%
31,1 MJapon
95%
21,1 MCanada
93%
36,3 MRoyaume-Uni
93%
38,9 MAllemagne
92%
24,6 MRussie
91%
41,4 MMexique
90%
22,8 MPortugal
85%
17,4 MInde
83%
30,1 MGrèce
78%
38,3 MThaïlande
72%
45,8 MTurquie
65%
19,0 MPays-Bas
59%
19,6 MPologne
58%
30,8 MAutriche
56%
15,5 MViêt Nam
54%
16,6 MCroatie
50%
15,9 MÉmirats arabes unis
35%
17,1 MHongrie
33%
25,8 MMalaisie
32%

Distribution des résultats

Percentile par nombre de réponses

% des personnes avec chaque résultat

Votre développement - résultats

Vous n’avez pas pris ce quiz depuis la dernière actualisation